[Event "Athens New Year Square op"]
[Site "Athens"]
[Date "2018.01.05"]
[Round "5"]
[White "Mavrikakis, Georgios"]
[Black "Giatrakos, Orestis"]
[Result "1-0"]
[WhiteElo "2120"]
[BlackElo "1894"]
[PlyCount "87"]
[EventDate "2018.01.01"]
[EventType "swiss"]
[EventRounds "9"]
[EventCountry "GRE"]
[SourceTitle "CBM 182 Extra"]
[Source "ChessBase"]
[SourceDate "2018.02.23"]
[SourceVersion "1"]
[SourceVersionDate "2018.02.23"]
[SourceQuality "1"]

1. e4 c5 2. Nf3 e6 3. d4 cxd4 4. Nxd4 Nc6 5. Nc3 Nf6 6. Ndb5 Bc5 7. Nd6+ Ke7 8. Bf4 e5 9. Nf5+ Kf8 10. Bg5 d6 11. Ne3 Be6 12. Bd3 h6 13. Bxf6 Qxf6 14. 0-0 Qg5 15. Ncd5 Rc8 16. c3 a6 17. b4 Bxe3 18. Nxe3 Ne7 19. Bc2 Rd8 20. Bb3 Bxb3 21. axb3 g6 22. b5 axb5 23. Ra7 Kg7 24. Rxb7 Rb8 25. Rxb8 Rxb8 26. Qxd6 Rc8 27. c4 Rc6 28. Qd7 bxc4 29. Nxc4 h5 30. Rd1 h4 31. h3 Ra6 32. Qb5 Re6 33. Ne3 Qf4 34. Qd3 Nc6 35. Nd5 Qg5 36. b4 Nd4 37. b5 f5 38. b6 f4 39. f3 Qd8 40. b7 Rb6 41. Nxb6 Qxb6 42. Rb1 Ne2+ 43. Kh2 Qf2 44. b8Q 1-0

[Event "GRE-chT 45th"]
[Site "Achaia"]
[Date "2017.07.08"]
[Round "7.5"]
[White "Marinakis, Hristos"]
[Black "Giatrakos, Orestis"]
[Result "1/2-1/2"]
[WhiteElo "1850"]
[BlackElo "1907"]
[PlyCount "78"]
[EventDate "2017.07.03"]
[EventType "team-swiss"]
[EventRounds "7"]
[EventCountry "GRE"]
[SourceTitle "CBM 179 Extra"]
[Source "ChessBase"]
[SourceDate "2017.08.23"]
[SourceVersion "1"]
[SourceVersionDate "2017.08.23"]
[SourceQuality "1"]
[WhiteTeam "Chania OA"]
[BlackTeam "Panionios GA"]
[WhiteTeamCountry "GRE"]
[BlackTeamCountry "GRE"]

1. Nf3 d5 2. g3 c6 3. Bg2 Nf6 4. 0-0 Bf5 5. d4 e6 6. Nbd2 h6 7. c4 Nbd7 8. b3 Be7 9. Bb2 0-0 10. Rc1 Qc7 11. e3 Rfe8 12. h3 a5 13. a3 Ne4 14. Re1 Ndf6 15. Nxe4 Nxe4 16. Nd2 Nxd2 17. Qxd2 Red8 18. f4 Qb6 19. Qc3 Bf6 20. c5 Qc7 21. Re2 Rdb8 22. Ba1 b5 23. cxb6 Qxb6 24. g4 Be4 25. Bxe4 dxe4 26. b4 axb4 27. axb4 Qxb4 28. Qxc6 Rc8 29. Qxc8+ Rxc8 30. Rxc8+ Kh7 31. Rc1 g5 32. f5 Qb8 33. Kg2 exf5 34. gxf5 h5 35. Rb2 Qd6 36. Rg1 h4 37. Kh1 Qa3 38. Re2 Qa6 39. Ree1 Qa5 1/2-1/2

[Event "GRE-chT 45th"]
[Site "Achaia"]
[Date "2017.07.05"]
[Round "4.5"]
[White "Paraskevas, Georgios"]
[Black "Giatrakos, Orestis"]
[Result "1/2-1/2"]
[WhiteElo "1710"]
[BlackElo "1907"]
[PlyCount "72"]
[EventDate "2017.07.03"]
[EventType "team-swiss"]
[EventRounds "7"]
[EventCountry "GRE"]
[SourceTitle "CBM 179 Extra"]
[Source "ChessBase"]
[SourceDate "2017.08.23"]
[SourceVersion "1"]
[SourceVersionDate "2017.08.23"]
[SourceQuality "1"]
[WhiteTeam "Pine AO"]
[BlackTeam "Panionios GA"]
[WhiteTeamCountry "GRE"]
[BlackTeamCountry "GRE"]

1. e4 e5 2. Nf3 Nc6 3. Bb5 a6 4. Ba4 Nge7 5. 0-0 g6 6. c3 Bg7 7. d4 exd4 8. cxd4 0-0 9. h3 b5 10. Bb3 d6 11. a4 b4 12. a5 Rb8 13. Qd3 Kh8 14. d5 Ne5 15. Nxe5 dxe5 16. Bc4 Qd6 17. f4 exf4 18. Bxf4 Be5 19. Bh6 Bg7 20. Bxg7+ Kxg7 21. Qd4+ f6 22. Nd2 Nc6 23. Qe3 Ne5 24. b3 Bd7 25. Qd4 h5 26. Rac1 Rh8 27. Nf3 Rhf8 28. Nxe5 fxe5 29. Qe3 Rbe8 30. Rxf8 Rxf8 31. Rf1 Rxf1+ 32. Kxf1 Qf6+ 33. Ke2 Bc8 34. Qc5 Qd6 35. Qxd6 cxd6 36. h4 Kf6 1/2-1/2

[Event "Nikaia op 24th"]
[Site "Nikaia"]
[Date "2016.08.27"]
[Round "3"]
[White "Giatrakos, Orestis"]
[Black "Drakoulakos, Grigorios"]
[Result "0-1"]
[WhiteElo "1687"]
[BlackElo "2270"]
[PlyCount "146"]
[EventDate "2016.08.25"]
[EventType "swiss"]
[EventRounds "9"]
[EventCountry "GRE"]
[SourceTitle "CBM 174 Extra"]
[Source "ChessBase"]
[SourceDate "2016.10.10"]
[SourceVersion "1"]
[SourceVersionDate "2016.10.10"]
[SourceQuality "1"]

1. e4 c6 2. d4 d5 3. exd5 cxd5 4. Bd3 Nc6 5. c3 Qc7 6. Ne2 Bg4 7. f3 Bd7 8. Bf4 e5 9. dxe5 Nxe5 10. Bc2 Bd6 11. Bg3 Ne7 12. Nd2 0-0 13. Nb3 Rfe8 14. Nbd4 N7g6 15. Bb3 h5 16. 0-0 h4 17. Bxe5 Bxe5 18. h3 Qd6 19. Ba4 b5 20. Bc2 Nf4 21. Nxf4 Bxf4 22. Kh1 Qe5 23. Re1 Qg5 24. Rxe8+ Rxe8 25. Ne2 Bc7 26. f4 Qh5 27. Nd4 Qh6 28. Qf3 Qxf4 29. Qxf4 Bxf4 30. Rf1 Be5 31. Bb3 Bxd4 32. cxd4 Bc6 33. Rc1 Re6 34. Rc5 Rd6 35. Kg1 Kf8 36. Kf2 Ke7 37. Bd1 Rf6+ 38. Bf3 Kd6 39. Rc2 Re6 40. Re2 a6 41. b4 Bd7 42. Rc2 Re7 43. Rc3 Bc6 44. Ra3 Bb7 45. Rc3 Re8 46. Rc5 Bc6 47. Rc3 Ra8 48. Ra3 Bb7 49. Rc3 a5 50. bxa5 Rxa5 51. a3 Ra4 52. Ke3 f5 53. Be2 f4+ 54. Kxf4 Rxd4+ 55. Ke3 Re4+ 56. Kd2 Bc6 57. Rb3 Kc5 58. g3 g5 59. Rc3+ Kb6 60. Rb3 Ra4 61. gxh4 gxh4 62. Rb4 Rxa3 63. Rxh4 Kc5 64. Rh8 Bd7 65. h4 Ra2+ 66. Ke1 b4 67. Rb8 Rb2 68. h5 Bf5 69. h6 Kd4 70. Rf8 Be4 71. Re8 Ra2 72. Rb8 Ke3 73. Bd1 Rh2 0-1

[Event "Aegean op 39th"]
[Site "Aghios Kirykos"]
[Date "2016.07.15"]
[Round "6"]
[White "Giatrakos, Orestis"]
[Black "Katopodis, Ioannis"]
[Result "1-0"]
[WhiteElo "1687"]
[BlackElo "1796"]
[PlyCount "61"]
[EventDate "2016.07.11"]
[EventType "swiss"]
[EventRounds "9"]
[EventCountry "GRE"]
[SourceTitle "EXT 2017"]
[Source "ChessBase"]
[SourceDate "2016.10.25"]
[SourceVersion "1"]
[SourceVersionDate "2016.10.25"]
[SourceQuality "1"]

1. e4 c6 2. d4 d5 3. exd5 cxd5 4. Bd3 Nc6 5. c3 Nf6 6. Bf4 Bg4 7. Qb3 Qd7 8. Nd2 e6 9. Ngf3 Bxf3 10. Nxf3 Be7 11. 0-0 0-0 12. Rfe1 a6 13. Rad1 Nh5 14. Bd2 Qc7 15. Qc2 g6 16. Bh6 Rfc8 17. Qd2 Bd6 18. g3 Re8 19. Bb1 Ng7 20. Re2 Na5 21. Rde1 Nc4 22. Qc1 e5 23. dxe5 Nxe5 24. Nxe5 Rxe5 25. Rxe5 Bxe5 26. Qg5 Re8 27. Qd2 Qc6 28. Bc2 Nf5 29. Bxf5 gxf5 30. Qg5+ Qg6 31. Rxe5 1-0

[Event "Aegean op 39th"]
[Site "Aghios Kirykos"]
[Date "2016.07.11"]
[Round "1"]
[White "Picard, Romain"]
[Black "Giatrakos, Orestis"]
[Result "1-0"]
[WhiteElo "2323"]
[BlackElo "1687"]
[PlyCount "79"]
[EventDate "2016.07.11"]
[EventType "swiss"]
[EventRounds "9"]
[EventCountry "GRE"]
[SourceTitle "CBM 173 Extra"]
[Source "ChessBase"]
[SourceDate "2016.08.29"]
[SourceVersion "1"]
[SourceVersionDate "2016.08.29"]
[SourceQuality "1"]

1. e4 e5 2. Bc4 Nf6 3. d3 Bc5 4. Nf3 d6 5. c3 Nc6 6. Bb3 a6 7. h3 Ba7 8. Nbd2 0-0 9. Nf1 Ne7 10. Ng3 Ng6 11. 0-0 Re8 12. Re1 c6 13. d4 h6 14. Bc2 Be6 15. Be3 Qc7 16. Qd2 c5 17. Rad1 cxd4 18. cxd4 Rac8 19. Bb1 b5 20. Qb4 Red8 21. Qa3 Qb7 22. Nf5 b4 23. Qd3 Bxf5 24. exf5 e4 25. Qd2 Ne7 26. Nh4 d5 27. Bf4 Nc6 28. Bxh6 gxh6 29. Qxh6 Qe7 30. Re3 Bb8 31. f4 Bxf4 32. Qxf4 Kf8 33. Rg3 Qd6 34. Qh6+ Ke8 35. Rg7 Nxd4 36. Rxd4 Qc5 37. Qxf6 Qc1+ 38. Kh2 Qf4+ 39. Rg3 Rc1 40. Bxe4 1-0

[Event "Athens ChessSquare Autumn op"]
[Site "Athens"]
[Date "2015.09.19"]
[Round "1"]
[White "Nikolaou, Georgios"]
[Black "Giatrakos, Orestis"]
[Result "1-0"]
[WhiteElo "2317"]
[BlackElo "1554"]
[PlyCount "65"]
[EventDate "2015.09.19"]
[EventType "swiss"]
[EventRounds "7"]
[EventCountry "GRE"]
[SourceTitle "EXT 2024"]
[Source "ChessBase"]
[SourceDate "2023.10.10"]
[SourceVersion "1"]
[SourceVersionDate "2023.10.10"]
[SourceQuality "1"]

1. d4 f5 2. Nf3 Nf6 3. g3 g6 4. Bg2 Bg7 5. 0-0 0-0 6. b3 d6 7. Bb2 Qe8 8. c4 c6 9. Qc2 Na6 10. a3 h6 11. Nbd2 g5 12. e4 fxe4 13. Nxe4 Nxe4 14. Qxe4 Bf5 15. Qe3 Qf7 16. Bc3 Nc7 17. Nd2 d5 18. Rac1 Rad8 19. Rfe1 e6 20. Bb4 Rfe8 21. Nf3 Be4 22. Ne5 Bxe5 23. dxe5 Bxg2 24. Kxg2 d4 25. Qe4 Qf5 26. Bd6 Rd7 27. Rcd1 Rf7 28. f3 Qxe4 29. Rxe4 Rd8 30. Rexd4 Ne8 31. Bc5 Rxd4 32. Rxd4 b6 33. Rd8 1-0